5HLuxD.jpg

KING HENRY VIII SENIOR AND PRIMARY SCHOOL LIBRARY OPAC

All about forces / (Record no. 1931)

000 -LEADER
fixed length control field 01288cam a2200361 i 4500
001 - CONTROL NUMBER
control field 18942398
003 - CONTROL NUMBER IDENTIFIER
control field OSt
005 - DATE AND TIME OF LATEST TRANSACTION
control field 20230220094611.0
008 - FIXED-LENGTH DATA ELEMENTS--GENERAL INFORMATION
fixed length control field 151229t20162016ilua j b 001 0 eng c
010 ## - LIBRARY OF CONGRESS CONTROL NUMBER
LC control number 2015051312
020 ## - INTERNATIONAL STANDARD BOOK NUMBER
International Standard Book Number 9781484626931
Qualifying information (pbk.)
040 ## - CATALOGING SOURCE
Original cataloging agency OU/DLC
Language of cataloging eng
Transcribing agency OU
Description conventions rda
Modifying agency DLC
-- KH8
042 ## - AUTHENTICATION CODE
Authentication code pcc
082 00 - DEWEY DECIMAL CLASSIFICATION NUMBER
Classification number 531.6 ROY
Edition number 23
100 1# - MAIN ENTRY--PERSONAL NAME
Personal name Royston, Angela,
Dates associated with a name 1945-
Relator term author.
245 10 - TITLE STATEMENT
Title All about forces /
Statement of responsibility, etc. Angela Royston.
264 #1 - PRODUCTION, PUBLICATION, DISTRIBUTION, MANUFACTURE, AND COPYRIGHT NOTICE
Place of production, publication, distribution, manufacture Chicago, Illinois :
Name of producer, publisher, distributor, manufacturer Heinemann Raintree, an imprint of Capstone Global Library, LLC,
Date of production, publication, distribution, manufacture, or copyright notice [2016]
264 #4 - PRODUCTION, PUBLICATION, DISTRIBUTION, MANUFACTURE, AND COPYRIGHT NOTICE
Date of production, publication, distribution, manufacture, or copyright notice ©2016
300 ## - PHYSICAL DESCRIPTION
Extent 32 pages :
Other physical details color illustrations ;
Dimensions 23 cm.
336 ## - CONTENT TYPE
Content type term text
Content type code txt
Source rdacontent
337 ## - MEDIA TYPE
Media type term unmediated
Media type code n
Source rdamedia
338 ## - CARRIER TYPE
Carrier type term volume
Carrier type code nc
Source rdacarrier
490 0# - SERIES STATEMENT
Series statement All about science
490 0# - SERIES STATEMENT
Series statement Heinemann first library
504 ## - BIBLIOGRAPHY, ETC. NOTE
Bibliography, etc. note Includes bibliographical references (page 31) and index.
520 ## - SUMMARY, ETC.
Summary, etc. This title looks at forces: what they are, what effects they have, how friction affects them and what effects different surfaces have.
521 1# - TARGET AUDIENCE NOTE
Target audience note 6-8.
521 2# - TARGET AUDIENCE NOTE
Target audience note K to 3.
650 #0 - SUBJECT ADDED ENTRY--TOPICAL TERM
Topical term or geographic name entry element Force and energy
Form subdivision Juvenile literature.
906 ## - LOCAL DATA ELEMENT F, LDF (RLIN)
a 7
b cbc
c orignew
d 1
e ecip
f 20
g y-gencatlg
942 ## - ADDED ENTRY ELEMENTS (KOHA)
Source of classification or shelving scheme
Koha item type Books - Non Ficton
Holdings
Withdrawn status Lost status Source of classification or shelving scheme Damaged status Not for loan Collection code Permanent Location Current Location Shelving location Date acquired Total Checkouts Full call number Barcode Date last seen Date last checked out Price effective from Koha item type
          Non-Fiction KH8 Primary School Library KH8 Primary School Library Non Fiction 2023-02-20 7 531.6 ROY KHPL000003651 2026-03-12 2026-01-13 2023-02-20 Books - Non Ficton

Powered By KH8 IT Dept